000 01003nam a2200265Ia 4500
003 OSt
005 20220923211111.0
006 a|||||r|||| 00| 0
007 ta
008 220922b |||||||| |||| 00| 0 hin d
020 _a818143062X (hbk)
_c500
024 _a241,018
037 _b513, 08/03/2010, Vani Prakashan
_cTextual
040 _aARTS
_cARTS
_bhin
041 _2hin
_ahin
082 _aO152,3N296:g, P3
100 _aवर्मा, निर्मल; आचार्य, नंदकिशोर, संपा.
_9158228
245 0 _aअवलोकन
246 _aAvalokana
260 _aनयी दिल्ली
_b वाणी प्रकाशन
_c2003
300 _a311पृ.
_ccm.
490 _aरचना - आलोचना संचयन
942 _hO152,3N296:g, P3
_cTEXL
_2CC
999 _c295229
_d295229